00405cam a22001217a 4500008004000000082001800040245007900058260004500137300001000182650004500192650002200237700002400259180718b2000 xxu||||| |||| 00| 0 eng d aB7303x54 C361 aPanchayati raj in India: status report, 1999cedited by B.K. Chandrashekar aNew DelhibRajiv Gandhi Foundationc2000 a277p. aVillages - Laws and legislation - India. aPanchayat - India aChandrashekar, B.K.